| 000 | 01479nam a2200277Ia 4500 | ||
|---|---|---|---|
| 003 | OSt | ||
| 005 | 20210511142308.0 | ||
| 008 | 210310s2015 sp ad gr 000 0 spa d | ||
| 020 | _a9788498928679 | ||
| 040 |
_aCO-JMCR _cCO-JMCR |
||
| 041 | 0 | _aspa | |
| 082 | 0 | 4 |
_a330.9 / _bP177c _223 |
| 100 | 1 |
_aPastor, Alfredo, _eautor _926006 |
|
| 245 | 1 | 3 |
_aLa ciencia humilde : _beconomía para ciudadanos / _cAlfredo Pastor |
| 250 | _aPrimera edición | ||
| 260 |
_aBarcelona, España : _bPlaneta, _c2015. |
||
| 300 |
_a355 páginas : _bilustraciones y gráficas en blanco y negro ; _c23 cm. |
||
| 490 | 0 | _aCrítica | |
| 500 | _aDatos biográficos del autor en solapa frontal. | ||
| 501 | _aCon: notas a pie de página. | ||
| 505 | 0 | _aEl mundo económico. -- Las cuentas de una economía. -- La inflación. -- El desempleo. -- La política monetaria. -- La política fiscal y las políticas de oferta. -- La balanza de pagos. --El tipo de cambio. -- Crisis y burbujas. -- La crisis del 2007. -- La globalización. -- Tres asuntos importantes. | |
| 520 | 0 | _aNo cabe duda de que vivimos en un mundo regido por los fenómenos económicos: el paro, la inflación, la política fiscal, el precio del dinero, los mercados, los tipos de interés, la política montaría, el papel del estado, la distribución mundial de la renta o la naturaleza de las leyes delmercado. | |
| 650 | 1 | 4 |
_aEconomía domestica. _926008 |
| 650 | 2 | 4 |
_aPolíticas de mercado. _937558 |
| 942 |
_2ddc _cBK |
||
| 999 |
_c11623 _d11623 |
||